PDC-Dartsgrid EN #2 - Statistics

General Stats
  • This quiz has been taken 26 times
  • The average score is 4 of 9
Answer Stats
Ninedarter On The 2023 Pro Tour Coming Through Q-School 2024 Order Of Merit Position 33-64 % Correct
Adam Gawlas | Keane Barry | Gian van Veen
81%
Jim Williams
81%
Welsh Nationality Robert Owen . .
48%
Year Of Birth >2000 Josh Rock . .
38%
Leighton Bennett | Paul Krohne
38%
Jelle Klaasen
29%
Mervyn King
29%
Rhys Griffin
29%
Best PDC-World-Championship Result:Semi-Finals Dave Chisnall . .
24%
No matching quizzes found
Score Distribution
Percent of People with Each Score
Percentile by Number Answered
Your Score History
You have not taken this quiz